Представление документа в формате RUSMARC

ПолеНазваниеЗначение
  Тип записи a
  Библиографический уровень c
001 Контрольный номер RU/SLIB/B/208766188
005 Дата корректировки 20240111142625.8
010 Индекс ISBN __
a ISBN 5-7529-0006-9
d Цена 60-56; 45-00
101 Язык документа 0_
a Язык текста rus
c Язык оригинала rus
200 Заглавие и сведения об ответственности 1_
a Заглавие Драматургия русских писателей
e Сведения, относящиеся к заглавию из шк. программы
b Общее обозначение материала Текст
210 Выходные данные 1_
a Место издания Екатеринбург
c Издательство Сред.-Урал. кн. изд-во
d Дата издания 1999
215 Физическое описание __
a Объем 476 с.
327 Примечание о содержании 0_
a Примечание о содержании Недоросль / Д. И. Фонвизин
327 Примечание о содержании 0_
a Примечание о содержании Горе от ума / А. С. Грибоедов
327 Примечание о содержании 0_
a Примечание о содержании Гроза / А. Н. Островский
327 Примечание о содержании 0_
a Примечание о содержании Вишневый сад / А. П. Чехов
327 Примечание о содержании 0_
a Примечание о содержании На дне / А. М. Горький
327 Примечание о содержании 0_
a Примечание о содержании Ревизор / Н. В. Гоголь
330 Аннотация __
a Аннотация Произведения обязательной школьной программы.
606 Тематические рубрики __
a Основная рубрика Художественная литература
606 Тематические рубрики __
a Основная рубрика Русская литература в целом (произведения)
610 Ключевые слова 0_
a Ключевые слова драматургия; пьесы; трагедии; комедии; драмы; сатира; тема дворянства; тема нравственности; тема воспитания; тема морали; тема нравов; тема общества; тема взаимоотношений; тема любви; тема обмана; тема чиновничества; тема человека; тема справедливости; тема гуманизма
686 Индексы других классификаций __
a Классификационный индекс 84(2=411.2)5-6; ст84(2Рос=Рус)1-6 + ст84(2Рос=Рус)6-6
702 Вторичная интеллектуальная ответственность _1
a Фамилия Фонвизин
b Имя Д. И.
4 Код отношения Автор
4 Код отношения 070
702 Вторичная интеллектуальная ответственность _1
a Фамилия Грибоедов
b Имя А. С.
4 Код отношения Автор
4 Код отношения 070
702 Вторичная интеллектуальная ответственность _1
a Фамилия Островский
b Имя А. Н.
4 Код отношения Автор
4 Код отношения 070
702 Вторичная интеллектуальная ответственность _1
a Фамилия Гоголь
b Имя Н. В.
4 Код отношения Автор
4 Код отношения 070
702 Вторичная интеллектуальная ответственность _1
a Фамилия Чехов
b Имя А. П.
4 Код отношения Автор
4 Код отношения 070
702 Вторичная интеллектуальная ответственность _1
a Фамилия Горький
b Имя А. М.
4 Код отношения Автор
4 Код отношения 070
801 Источник записи _0
a Страна RU
b Организация Муниципальное бюджетное учреждение культуры "Централизованная библиотечная система" г. Сургут (Центральная городская библиотека им. А. С. Пушкина)
g Правила каталогизации КиК/Котельникова; КиК/Гришунина; КиК/Цаплина; КиК/Елгина; КиК/Лукашук
801 Источник записи _1
a Страна RU
b Организация Муниципальное бюджетное учреждение культуры "Централизованная библиотечная система" г. Сургут (Центральная городская библиотека им. А. С. Пушкина)
g Правила каталогизации КиК/Котельникова; КиК/Гришунина; КиК/Цаплина; КиК/Елгина; КиК/Лукашук
852 Данные о местонахождении __
j Шифр хранения 84(2=411.2)5-6
c Каталожный индекс 84(2Рос=Рус)1-6; 84(2Рос=Рус)6-6
i Авторский знак Д 72
901 Тип документа 1_
t Тип документа x
903 Характеристики (МАРС) __
a Дата передачи 20090130; 20071126; 20060126; 20051012; 20040602; 20030801
969 Тип издания __
a Тип издания сборник
990 Данные о заказе (DOS) __
j Количество экземпляров (DOS) 1; 1; 1; 2; 27
t N записи в КСУ для И/У (DOS) 200902; 200801; 200602; 200510; 200406